000 00412nam a22001817a 4500
003 MPLRDC
005 20220104172755.0
008 210129b ||||| |||| 00| 0 eng d
020 _a0-380-01286-3
082 _a874 BH-3
100 _aRICHARD BACH
245 _aJONATHAN LIVINGSTON SEAGULL
_c
250 _a初版
260 _a
_bAVON BOOKS
_c1973
300 _b
650 _a
942 _cBK
_o874 BH-3
999 _c59108
_d59098